PROPERTY BUYING FOR Gen Y

Bibliographic Details
Main Author: Khalil Adis (Author)
Format: Book
Published: Petaling Jaya, Selangor : MPH Group Publishing Sdn Bhd 2016
Subjects:

MARC

LEADER 00000cam a2200000 7i4500
001 0000123402
005 20170905.0
008 170905t20162016my aoe 0000 eng
020 |a 9789674153618 
040 |a PERPUSTAM   |b eng   |c PERPUSTAM   |e rda 
090 0 0 |a 332.6324   |b KHA 
100 1 |a Khalil Adis ,   |e author 
245 1 0 |a PROPERTY BUYING FOR Gen Y   |c Khalil Adis 
264 1 |a Petaling Jaya, Selangor :   |b MPH Group Publishing Sdn Bhd   |c 2016 
300 |a viii, 144 pages :   |b colour photographs ;   |c 23 cm. 
336 |a text, rdacontent 
337 |a unmediated  |2 rdamedia 
338 |a volume  |2 rdacarrier 
650 1 0 |a Happiness 
650 2 0 |a Adolescent psychology 
650 2 0 |a Contentment 
650 2 0 |a Happiness in adolescence 
999 |a 0000452801   |b Buku   |c Rak Terbuka   |e Perbadanan Perpustakaan Awam Melaka 
999 |a 0000452802   |b Buku   |c Rak Terbuka   |e Perpustakaan Cawangan Jasin 
999 |a 0000452803   |b Buku   |c Rak Terbuka   |e Perpustakaan Cawangan Masjid Tanah 
999 |a 0000452804   |b Buku   |c Rak Terbuka   |e Perpustakaan Cawangan Merlimau 
999 |a 0000452805   |b Buku   |c Rak Terbuka   |e Perbadanan Perpustakaan Awam Melaka 
999 |a 0000452806   |b Buku   |c Rak Terbuka   |e Perbadanan Perpustakaan Awam Melaka 
999 |a 0000452807   |b Buku   |c Rak Terbuka   |e Perbadanan Perpustakaan Awam Melaka 
999 |a 0000452808   |b Buku   |c Rak Terbuka   |e Perbadanan Perpustakaan Awam Melaka 
999 |a 0000452809   |b Buku   |c Rak Terbuka   |e Perpustakaan Komuniti UTC Melaka